000 00562nam a2200193Ia 4500
005 20250508163553.0
008 008 250505s9999 xx 000 0 eng d
037 _aTextual
040 _aFEDL
_beng
_cFEDL
041 _aeng
_2eng
084 _a370.19, SIN
_qFEDL
100 _aR.P.Singh
_9775658
245 0 _aInequality in Indian education
260 _aNew Delhi, India
_bVikas Publishing House Private Limited
_c1997
300 _aviii,212p.
650 _aEducation-Sociology
942 _cTEXL
_h370.19, SIN
999 _c1384142
_d1384142